Najdôležitejšie zmeny v konkurznom konaní
Od 1. 1. 2012 nadobudne účinnosť novela zákona č. 7/2005 Z. z. o konkurze a reštrukturalizácii. Predpokladá zvýšenie počtu konaní na základe veriteľských návrhov, posilnenie postavenia veriteľov v konaní podporené možnosťou vzájomného popierania pohľadávok a podriadenými osobami sa ex-lege stávajú a...
Saved in:
| Main Author: | |
|---|---|
| Format: | Book Chapter |
| Language: | Slovak |
| Subjects: | |
| Tags: |
No Tags, Be the first to tag this record!
|
MARC
| LEADER | 00000naa a2200000 4500 | ||
|---|---|---|---|
| 001 | 0144413 | ||
| 005 | 20231103073008.8 | ||
| 041 | 0 | |a slo | |
| 044 | |a SK | ||
| 245 | 1 | 0 | |a Najdôležitejšie zmeny v konkurznom konaní |c Matej Hodál |
| 520 | |a Od 1. 1. 2012 nadobudne účinnosť novela zákona č. 7/2005 Z. z. o konkurze a reštrukturalizácii. Predpokladá zvýšenie počtu konaní na základe veriteľských návrhov, posilnenie postavenia veriteľov v konaní podporené možnosťou vzájomného popierania pohľadávok a podriadenými osobami sa ex-lege stávajú aj spriaznené osoby, ktorým sa odníma možnosť participovať na výťažku a na rozhodovaní veriteľských orgánov. | ||
| 610 | 2 | 0 | |a firmy |
| 610 | 2 | 0 | |a konanie konkurzné |
| 610 | 2 | 0 | |a konkurzy |
| 610 | 2 | 0 | |a legislatíva |
| 610 | 2 | 0 | |a novelizácia |
| 610 | 2 | 0 | |a veritelia |
| 610 | 2 | 0 | |a pohľadávky |
| 100 | 1 | |a Hodál, Matej | |